| 000 | 00773nam a2200217 a 4500 | ||
|---|---|---|---|
| 003 | BD-JhCC | ||
| 005 | 20240322094855.0 | ||
| 008 | 240322b20152019b |||| ||a| 001 0 b d | ||
| 020 | _a9847012004364 | ||
| 035 | _a(BD-JhCC) | ||
| 040 |
_aBD-JhCC _dBD-JhCC |
||
| 041 | _aben | ||
| 082 |
_a915.492 _bRAZ 2019 |
||
| 100 | _a রাজ্জাক, মানিক মোহাম্মদ | ||
| 245 |
_aবাংলাদেশের নদনদী : বর্তমান গতি প্রকৃতি / _b মানিক মোহাম্মদ রাজ্জাক |
||
| 260 |
_aঢাকা: _bকথাপ্রকাশ; _c2019. |
||
| 300 |
_a623 p. : _c22 cm. |
||
| 650 | _aপরিবেশ ও প্রকৃতি | ||
| 942 |
_2ddc _cBK |
||
| 999 |
_c13784 _d13784 |
||